000 00825nas a2200265 4500
001 BR9509116
003 BR-BrBNA
005 20231205095519.0
007 ta
008 230509b bl.|||p| |||| 00| 00por d
040 _aBR-BrBNA
_bpor
_cBiblioteca Nacional de Agricultura
041 _a(Pt)
072 _aJ11
100 1 _aColaco, W.
100 1 _aFerraz, U.
100 1 _aAlbuquerque, L.R.
245 1 _aIncidencia de aflatoxinas em amendoim e produtos derivados consumidos na cidade de Recife, no periodo de 1989 a 1991
650 _aAmendoim
650 _aAflatoxina
650 _aCromatografia
650 _aPernambuco
773 0 _tRevista do Instituto Adolfo Lutz (Brazil)
_xISSN 0073-9855
_g(Jan-Jun 1994), v. 54(1) p. 1-4
_wBR9509116
909 _a202311
_bLúcia
_c55
_dLúcia Elande
942 _2AGRIS
_n0
_cANA
999 _c151146
_d151146